Statistiques concernant Le corps humain de A à Z - difficile

Cliquez ici pour prendre le quiz!

Statistiques générales

  • Ce quiz a été pris 1 173 fois
  • Le résultat moyen est 12 sur 25

Statistiques - réponses

DescriptionRéponse% Correct
ECouche superficielle de la peauEpiderme
95%
FMinéraux pouvant provoquer une anémie
lorsqu'il y a une carence de celui-ci
Fer
91%
YOrgane présentant des pigments pouvant
capter la lumière
Yeux
91%
UCanal de sortie de la vessieUrètre
90%
QMuscle à l'avant de la cuisseQuadriceps
86%
BLiquide de couleur jaunâtre favorisant
la digestion des lipides
Bile
83%
CPartie du cerveau contrôlant
l'équilibre et la posture
Cervelet
83%
MMuscle du coeurMyocarde
66%
TPartie du pied équivalent au carpe de la mainTarse
56%
OOs constituant la boîte crânienne
le plus postérieur
Occipital
54%
Zoligo-élément présent en faible proportion
dans notre organisme
Zinc
53%
GUne des bases azotés formant l'ADNGuanine
52%
LOn contient 8 à 10L de ce liquideLymphe
45%
DLes neurones sont constitués d'un noyau,
un axone et de _____ ?
Dendrites
44%
PAutre nom du genouxPatella
39%
JPartie centrale de l'intestin grèleJejunum
36%
NUnité fonctionnelle du reinNéphron
35%
ROrganelle de la cellule pouvant être soit
lisse, soit rugeuse
Réticulum
33%
SCavité pouvant s'infecter, il en existe
plusieurs: maxillaire, frontal, sphénoïde et
etmoïde
Sinus
32%
IIl forme l'os coxal avec l'Ischium
et le pubis
Ilium
19%
APartie antérieur de la glande sécrétant
toutes une série d'hormones :
LH, TSH, FSH, GH, ACTH,...
Antéhypophyse
16%
KEnzyme catalysant une réaction d'activationKinase
14%
WCanal allant du pancréas vers le duodénum
pour y déverser les suc pancréatiques
Wirsung
5%
HAncien nom des glucidesHydrate de carbone
4%
VTerme désignant une partie d'un muscleVaste
4%

Distribution des résultats

Percentile par nombre de réponses

% des personnes avec chaque résultat

Votre développement - résultats

Vous n’avez pas pris ce quiz